000 00651nam a2200181Ia 4500
008 100920s9999 xx 000 0 und d
082 _b32278
_a24 थ 75
100 _aरेगे पंढरीनाथ.
245 _aकाश्मीरच्या परिकथा.
260 _bइंद्रायणी साहित्य प्रकाशन पुणे 30.
_c1975
300 _a58
_bसाधी
365 _b3
520 _aसायो.
630 _aकाश्मीरच्या परिकथा.
650 _aसायो.
730 _aकाश्मीरच्या परिकथा.
942 _cBOOK
999 _c687280
_d687277